[Event "Dortmund SuperGM 23rd"]
[Site "Dortmund"]
[Date "1995.07.14"]
[Round "1"]
[White "Lautier, Joel"]
[Black "Beliavsky, Alexander G"]
[Result "1-0"]
[WhiteElo "2645"]
[BlackElo "2650"]
[Annotator "Lautier,J"]
[PlyCount "67"]
[EventDate "1995.07.14"]
[EventType "tourn"]
[EventRounds "9"]
[EventCountry "GER"]
[EventCategory "17"]
[SourceTitle "CBM 048"]
[Source "ChessBase"]
[SourceDate "1995.10.01"]
[SourceVersion "1"]
[SourceVersionDate "1995.10.01"]
[SourceQuality "1"]

1. d4 {Von Gleich Konikowski Ftacnik} Nf6 2. c4 e6 3. Nf3 d5 4. Nc3 Be7 5. Bg5
h6 6. Bh4 O-O 7. e3 b6 8. Qb3 Bb7 9. Bxf6 Bxf6 10. cxd5 exd5 11. Rd1 Re8 12.
Bd3 c5 (12... c6 {Von Gleich} 13. O-O Nd7 14. Rfe1 g6 {N} 15. e4 dxe4 $2 16.
Nxe4 $1 Nf8 $8 17. Bc4 Ne6 18. Ne5 {/\ 19.Ng6, 19.Nf7} Kg7 19. Nxf7 Kxf7 20.
Nc5 $1 Bc8 21. Bxe6+ Bxe6 22. Rxe6 Qd5 23. Rxc6 $1 Rad8 $2 24. Nb7 $1 {1-0
Dlugy,M-Shapiro,D/Harvard 51/443 1991}) (12... Nc6 13. O-O Na5 14. Qc2 c5 15.
dxc5 bxc5 16. Na4 c4 17. Be2 Qc7 18. Nc3 Rad8 19. Rd2 Rd7 20. Rfd1 Red8 21. Nd4
Nc6 22. Ndb5 Qa5 23. Bxc4 a6 24. Nxd5 Rxd5 25. Rxd5 Rxd5 26. Bxd5 Qxb5 27. a4
Qb6 28. Qe4 Nd8 29. Bxb7 Nxb7 30. b4 Kf8 31. Rd7 Nd8 32. g3 Qb8 33. Qc4 Ke8 34.
Rd5 Qb7 35. b5 a5 36. h4 Be7 37. Rd1 Ne6 38. Qc3 Bb4 39. Qe5 Be7 40. Rc1 Bf6
41. Qd6 Bd8 42. Qa6 {1-0 Polugaevsky,L-Tal,M/Alma_Ata (m/1) 29/461 1980}) 13.
dxc5 Nd7 14. c6 {Falls nun} (14. cxb6 {Konikowski} Nc5 (14... d4 $5 {Kasparow})
15. Qc2 Nxd3+ (15... Qxb6 $5) 16. Rxd3 axb6 {mit der Idee Ba6 und aktivem
Spiel für Schwarz.}) 14... Bxc6 {[%csl Rd5] Ftacnik The Pd5 is weak, but black
has pair of B and a good development.} 15. O-O Nc5 16. Qc2 (16. Qa3 a5 17. Ne2
(17. Be2 {Ftacnik} Bb7 18. Nd4 Qd6 19. Na4 g6 20. Bf3 Rad8 21. Nxc5 Qxc5 22.
Qd3 $10 {Smejkal,J-Beliavsky,A/Baden/1980/}) 17... Qd6 18. Ned4 Bb7 19. Bb5
Red8 20. Qc3 Rac8 21. Qd2 Ne4 22. Qe2 Ng5 23. Rd2 g6 24. h3 {Bagirov,
V-Beliavsky,A/USSR 31/488 1981/1/2-1/2 (50)}) 16... Bb7 $146 {Besser,
zumindest aber sicherer ist} (16... Rc8) (16... Rc8 17. Nd4 (17. Bh7+ {Ftacnik}
Kh8 18. Bf5 Ne6 {mit gutem Spiel für Schwarz} 19. Qb3 Bxc3 20. bxc3 Qf6 21. Bg4
Bb7 22. Nd4 Ba6 23. Rfe1 Bc4 24. Qa3 {Gulko,B-Radashkovich,I/USSR/1971/0-1 (33)
}) (17. Bb5 {Konikowski} Ne4 18. Bxc6 Rxc6 19. Qa4 Nxc3 20. bxc3 Rc5 21. c4 {
mit Remis (D.Gurevich-Portisch, New York 1984).}) 17... Bxd4 {1/2-1/2
Polugaevsky,L-Tal,M/Alma_Ata (m/3) 29/462 1980}) (16... Nxd3 {Ftacnik} 17. Qxd3
Rc8 18. Nd4 Bb7 19. Rd2 Qe7 20. Rfd1 Red8 21. Nce2 g6 22. Qb3 Be5 23. Nf3 Bf6
24. h3 $14 {Barlov,D-Gomez Esteban,JM/Mesa op/1992/1-0 (38)}) 17. Bb5 (17. Bh7+
Kh8 18. Bf5 Qd6 $5 $13 {/\ Rad8} 19. e4 $6 d4 (19... Bxc3 $2 20. bxc3 g6 21. e5
$16) 20. Nb5 Qf4 21. Nfxd4 Nxe4 22. g3 Qe5 23. Rfe1 Qc5 $1 $15 24. Rxe4 $2 Bxe4
25. Bxe4 Rad8 $17) (17. Rd2 Rc8 18. Bh7+ Kh8 19. Bf5 Bxc3 20. bxc3 Rc7 {
nebst Ne4 und völligem Ausgleich.}) (17. Bc4 Bxc3 18. Qxc3 Rc8 $10) 17... Re7 (
17... Re6 18. Nd4 $14) 18. Nxd5 (18. Nd4 Rc8 $10) 18... Bxd5 19. Qf5 Bxb2 {
Eine interessante Variante könnte nach} (19... a6 $2 20. Rxd5 Qc8 21. Qxc8+ (
21. Bd3 {Konikowski} Nxd3 22. Qxd3 Bxb2 23. Qb3 Qe6 24. Rfd1 Bf6 25. Rd8+ (25.
Rd6 Qxb3 26. axb3 Rb7 $10) 25... Rxd8 26. Rxd8+ Kh7 27. Qd3+ Qe4 28. Qxa6 Ra7
$1 29. Qd3 Qxd3 30. Rxd3 Rxa2 {mit etwa gleichen Chancen.}) 21... Rxc8 22. Be2
Na4 (22... Bxb2 23. Rb1 Bf6 (23... Na4 24. Bxa6 Ra8 25. Bc4 $1 Rc7 {/\ Nc3} 26.
Nd2 $1 Rac8 (26... Bc3 27. Bb3 $16) 27. Bb3 Rc1+ (27... Nc3 $2 28. Rxb2 Nxd5
29. Bxd5 Rc1+ 30. Nf1 Rd1 31. Bf3 $18) 28. Rxc1 Rxc1+ 29. Nf1 Nc3 30. Rd8+ Kh7
31. g3 $16) 24. Rxb6 $16 Na4 25. Rxa6 Rc1+ 26. Rd1 Nc3 $2 27. Ra8+ Kh7 28. Bd3+
$18) 23. Bxa6 Ra8 24. Bc4 Nxb2 25. Bb3 $16) 20. Rxd5 Qc8 (20... Qc7 $5 {
Konikowski}) 21. Qc2 Bf6 22. Rfd1 {[%cal Rd5d8] Ftacnik Small combination
ended very well for white, control of the d line and opposite colour B give
him good chances to start attack.} a6 (22... Ne6 23. Qf5 Qc3 $10) 23. Bf1 (23.
Bc4 Rc7 $10 (23... Ne4 $1)) (23. Rd8+ $6 {Ftacnik} Qxd8 24. Rxd8+ Rxd8 25. Bc4
Red7 $15) 23... Re8 {/\ Ne4} (23... Qc7 24. Nd4 Ne4 $1 $10) (23... Ne4 {Ftacnik
} 24. Qxc8+ Rxc8 25. Bxa6 $16) (23... Qc7 $5 {Konikowski}) 24. Bc4 $5 Ra7 $2 {
[%cal Ga7e7] Der herrchende Eindruck imPressezentrum war der, daß Big Al mit
24...Ra7 die Partie weggeworfen hatte, so daß 24...Qc7 als notwendige
Verbesserung angesehen wurde.} (24... b5 $4 25. Rxc5 $18) (24... Qc7 $1 25. Rd6
(25. a4 Rad8 $10 26. a5) (25. Nd4 Rad8 26. Nf5 Rxd5 27. Rxd5 Rd8) (25. e4 Rad8
(25... Rxe4 26. Rxc5)) 25... Rad8 $10) (24... Ne4 {Ftacnik} 25. Rd7 $16) 25.
Rd6 $1 $16 {[%cal Rd6b6,Rd6f6] /\ Rf6} b5 $6 {Aber erst dies ist der
entscheidende Fehler. Ein Fehler. Stärker ist} (25... Ne4 26. Rc6 $1 {Ftacnik}
(26. Rxb6 $2 Rc7 (26... Nc3 27. Rxf6 Qxc4 28. Rd3 Ne2+ 29. Qxe2 gxf6 30. Nd4
Kh7 $13) 27. Rc1 Nc3 $17) 26... Qb8 (26... Qxc6 $4 27. Bxf7+ $18) 27. Bd5 (27.
Bd3 {Konikowski} Nc5 28. Bf5 Rc7 29. Rxc7 Qxc7 {und Schwarz braucht nichts zu
befürchten.}) 27... Rae7 (27... Rd7 28. Bxe4 Rxd1+ 29. Qxd1 Rxe4 30. Qd7 Re8
31. Rxb6 $16) 28. Rb1 (28. Rc1 $5 {/\ Qb3}) 28... b5 29. Bxe4 Rxe4 30. Rxa6 $16
) (25... Rc7 {Ftacnik} 26. Rxf6 $1 gxf6 27. Qg6+ Kf8 28. Qxh6+ $40) 26. Rxf6 $1
{Durch dieses Qualitätsopfer erhält Schwarz einen starken Angriff.} gxf6 (26...
bxc4 27. Rf4 $18) (26... Ne4 27. Rc6) 27. Qg6+ Kf8 (27... Kh8 {Ftacnik} 28.
Qxf6+ Kg8 (28... Kh7 29. Bxf7 $18) 29. Qg6+ Kf8 (29... Kh8 {Konikowski} 30.
Bxf7 $18) 30. Qxh6+ Kg8 31. Rd5 $18) 28. Qxh6+ Ke7 {Zum verwickelten Spiel,
aber ebenfalls gewinnträchtig für Weiß führte} (28... Kg8 $2 29. Rd5 $1 {
droht Rh5 nebst Matt Zum Beispiel:} f5 $8 (29... Rd8 $2 30. Rh5 Rd1+ 31. Bf1
$18) (29... Qg4 {Von Gleich} 30. Rxc5 bxc4 31. Qxf6 Kf8 (31... Qe6 32. Rg5+ Kf8
33. Qg7+ Ke7 34. Re5 $18) 32. Rg5 Qd7 33. Nd4 Rb7 (33... Qb7 34. Qh8+ Ke7 35.
Re5+ Kd6 36. Nf5+ Kc7 37. Rc5+ Kb6 38. Qd4 Qe4 39. Qd6+ Kb7 40. Qc7+ Ka8 41.
Qc8+ $1 Rxc8 42. Rxc8+ Kb7 43. Nd6+ $18) 34. h3 Rb1+ (34... Qc7 35. Qh8+ Ke7
36. Re5+ $18) 35. Kh2 Qc7+ 36. g3 Rb6 (36... Qb7 37. Nc6 $18) 37. Qh8+ Ke7 38.
Re5+ Re6 39. Nxe6 fxe6 40. Qg7+ Kd8 41. Qxc7+ Kxc7 42. Rc5+ $18) 30. Qg5+ (30.
Ng5 bxc4 31. Qh7+ Kf8 32. Rxf5 $18 (32. Rxf5 {Konikowski} Qxf5 33. Qxf5 Nd3 34.
Qf6 Rb7 35. h4 Kg8 36. h5 Ne5 37. f3 $18)) 30... Kf8 31. Rxf5 bxc4 32. Qh6+ $1
Ke7 33. Qf6+ Kf8 (33... Kd7 34. Rd5+ $18) 34. Rh5 $18) 29. Bxf7 $1 {[%csl Re7]
Zertrümmert den letzten Schutz um den König.  White has got a strong attack
for very moderate cost.} Rh8 {Ein entscheidender Fehler. Notwendig war} (29...
Kxf7 30. Qh7+ Kf8 31. Qxa7 $18) (29... Rd7 $5 {Ftacnik} 30. Bd5 Ne4 {mit guten
Verteidigungschancen für Schwarz.} 31. Ne1 (31. Qh7+ Kd8 32. Qf5 Qc2 33. Rf1
$40) 31... Qc3 32. Qg7+ Kd8 33. Qg4 $40) 30. Qg6 (30. Qg7 {Ftacnik} Qf8 $1)
30... Rd7 (30... Qf8 31. Nd4 $1 Qxf7 32. Nf5+ Ke6 (32... Ke8 33. Nd6+ $18) 33.
Rd6+ Ke5 34. f4+ Ke4 35. Rd4#) 31. Nd4 Rf8 (31... Rd6 {Ftacnik} 32. Qg7 $18) (
31... Rdd8 {Konikowski} 32. Qg7 $18) 32. Nf5+ Kd8 33. Qxf6+ Kc7 34. Rc1 (34.
Rc1 Kb8 (34... Rfxf7 35. Rxc5+ Kb7 36. Qxf7 (36. Nd6+ Rxd6 37. Qxd6 $18 (37.
Qxd6 Rd7 38. Rxc8 Rxd6 39. Rc1 $18 {oder})) 36... Rxf7 37. Nd6+ $18) (34...
Rdxf7 35. Rxc5+ Kb7 36. Nd6+ Ka8 37. Qxf7 $18) 35. Qb6+ Qb7 (35... Rb7 {Ftacnik
} 36. Qd6+ $18 (36. Qd6+ Rc7 37. Ne7 Nb7 38. Nc6+ (38. Qe5 Qd8 39. Nc6+ Ka8 40.
Bd5 Qf6 (40... Qh4 41. g3 Qh7 42. Qd4 $18) 41. Qxf6 Rxf6 42. e4 {mit leicht
gewonnenem Endspiel für Weiß.}) 38... Ka8 39. Qa3 $18)) (35... Ka8 36. Nd6 Rxd6
37. Qxd6 Rxf7 38. Rxc5 $18) 36. Qxc5 Rfxf7 37. Qe5+ {Konikowski} (37. Nd6 $2
Qc7 $1) 37... Ka8 (37... Ka7 {Von Gleich} 38. Nd6 Rc7 39. Qd4+ Ka8 40. Re1 {
und Weiß gewinnt.}) 38. h4 $18) (34. Qe5+ Kb6 35. Rd6+ Rxd6 36. Qxd6+ Ka7 (
36... Ka5 37. Nd4 Rxf7 38. Nc6+ $18) 37. Ne7) 1-0

[Event "Hoogovens"]
[Site "Wijk aan Zee"]
[Date "1993.01.??"]
[Round "1"]
[White "Lobron, Eric"]
[Black "Van der Sterren, Paul"]
[Result "1-0"]
[WhiteElo "2620"]
[BlackElo "2490"]
[Annotator "Lobron,E"]
[PlyCount "77"]
[EventDate "1993.01.??"]
[EventType "k.o."]
[EventRounds "5"]
[EventCountry "NED"]
[SourceTitle "CBM 034"]
[Source "ChessBase"]
[SourceDate "1993.06.01"]
[SourceVersion "1"]
[SourceVersionDate "1993.06.01"]
[SourceQuality "1"]

1. d4 Nf6 2. c4 e6 3. Nf3 d5 4. Nc3 Be7 5. Bg5 h6 6. Bh4 O-O 7. e3 b6 8. Be2
Bb7 9. Bxf6 Bxf6 10. cxd5 exd5 11. b4 c6 12. O-O (12. Qb3) 12... a5 (12... Re8)
(12... Qd6) 13. bxa5 $1 $146 (13. a3 {Ionov-Lputian/URS-ch/1958/}) 13... Rxa5
$6 (13... b5 $5) 14. Rb1 c5 $2 (14... b5 $2 15. a4 $16) (14... Nd7 $142 $14)
15. Qb3 $16 cxd4 $8 16. exd4 Nd7 17. Bb5 Nb8 $8 18. a4 $2 (18. Rfe1 $142 $1 Qd6
(18... Nc6 $2 19. Bxc6 Bxc6 20. Qxb6 $16) 19. Re3 $16 {/\ Rbe1->, xb6,d5, xNb8}
) 18... Nc6 $1 19. Rfd1 $14 (19. Bxc6 $2 Bxc6 20. Qxb6 Bxa4 $10) 19... Ne7 20.
Bd3 Bc6 21. Re1 Bd7 $8 (21... g6 22. Qxb6 $16) (21... Qc7 22. Qxb6 Qxb6 23.
Rxb6 Bxa4 24. Rxf6 $1 gxf6 25. Rxe7 $16) 22. h3 (22. Qxb6 $2 Bxa4 $10) 22...
Nc6 23. Nb5 Be6 24. Bc2 $1 {/\ 25.Qd3 g6 26.Re6!; xa4} Qd7 25. Ne5 Bxe5 (25...
Nxe5 26. dxe5 Bg5 (26... Be7 27. Qd3 g6 28. Qe3 $16) 27. Qd3 g6 28. Qg3 Kg7 29.
Nd4 $16 {->, xb6}) 26. dxe5 d4 $8 27. Qd3 g6 28. Qg3 $1 $16 Kg7 (28... Bf5 $2
29. e6 $18) 29. Rbd1 Bf5 $138 (29... Rd8 30. f4 Bf5 31. Bxf5 Qxf5 32. Nd6 Qd7 (
32... Rxd6 33. exd6 Rxa4 34. Rc1 Qd5 35. f5 d3 36. fxg6 fxg6 37. Rxc6 $18) 33.
Qh4 $1 (33. f5 Nxe5 $1 $13) 33... Qe7 (33... Rxa4 34. Qf6+ Kg8 35. e6 $18 Qxd6
36. exf7+ Kf8 37. Re8+) 34. Qxe7 Nxe7 35. Nb7 $18) 30. Bxf5 Qxf5 31. Nxd4 Nxd4
32. Rxd4 Re8 33. f4 $18 Qc2 34. Ree4 Rd5 35. Kh2 Rxd4 36. Rxd4 Qc5 37. Rd6 Re7
38. Qh4 $1 Qe3 $138 39. Qf6+ (39. Qf6+ Kh7 40. Rd8 $18) 1-0

[Event "Luxembourg-chT 1112"]
[Site "Luxembourg"]
[Date "2012.04.10"]
[Round "8"]
[White "Istratescu, Andrei"]
[Black "Feller, Sebastien"]
[Result "1/2-1/2"]
[WhiteElo "2670"]
[BlackElo "2611"]
[Annotator "Marin,M"]
[PlyCount "29"]
[EventDate "2011.10.??"]
[EventType "team-tourn"]
[EventRounds "10"]
[EventCountry "LUX"]
[SourceTitle "EXT 2017"]
[Source "ChessBase"]
[SourceDate "2016.10.25"]
[SourceVersion "1"]
[SourceVersionDate "2016.10.25"]
[SourceQuality "1"]
[TimeControl "40/5400+30:1800+30"]

1. d4 d5 2. c4 e6 3. Nc3 Be7 4. Nf3 Nf6 5. Bg5 h6 6. Bh4 O-O 7. e3 b6 8. Rc1
Bb7 9. cxd5 exd5 10. Bd3 Nbd7 11. O-O c5 12. Bf5 Re8 $1 {I love the abstract
logic of this move. Once White has given the possibility of Bb5, the rook
surely belongs on e8. Moreover, the control over the e4-square is strengthened,
avoiding certain tactical problems.} 13. b3 $5 {is an interesting attempt to
restrict the mobility of the hanging pawns.} cxd4 $146 (13... Ne4 14. Bxe7 Rxe7
15. dxc5 Ndxc5 16. b4 Ne6 17. Bxe6 Rxe6 18. Nxe4 Rxe4 19. Nd4 Ba6 20. b5 Bb7
21. Qf3 Rc8 22. Qg3 Rc4 23. h3 Qc8 24. Rxc4 dxc4 25. Rc1 Re8 {1/2-1/2 (25) Bu,
X (2640)-Zhang,Z (2640) Wuxi 2006}) 14. Nxd4 Nc5 15. b4 1/2-1/2